000
00330nam a22001457a 4500
020
_a
0-8167-7325-4
082
_a
823
_b
MCC/T
100
_a
MCGUIRE, LESLIE
245
_a
IS THERE LIFE AFTER 6TH GRADE?
260
_a
CANADA
_b
TROLL ASSOCIATES
_c
1990
300
_a
94
520
_a
SHORT STORY
650
_a
SHORT STORY
942
_c
BK
999
_c
6137
_d
6137